• 首页
  • 本馆介绍
  • 公告通知
  • 最新文献
  • 馆藏检索
  • 电子资源
  • 读者导购
  • 参考咨询
  • 我的图书馆
  • 登录
  • 详细信息显示
  • 放入我的书架
  • 预约/预借图书
  • 作者相关作品
  • 分类相关作品
  • 丛书相关作品
  • 出版社相关作品

书目信息

  • 表格格式
  • 工作单格式
  • 卡片格式
题名:
中学生说明文选
    
 
作者: ;上海教育出版社 编
分册:  
出版信息: 上海   上海教育出版社  1980
页数: 94页
开本: 19cm
丛书名:
单 册:
中图分类: H194.5 , G633.3
科图分类:
主题词: 说明文--中学--选集 , 教育--各级
电子资源:
ISBN:
000 00664nam0 2200241 450
001 1550143857
005 20150119135607.18
010    @dCNY0.21
091    @a7150.2300
100    @a19950615d1980 em y0chiy0110 ea
101 0  @achi
102    @aCN@b310000
105    @ay z 000yy
200 1  @a中学生说明文选@9zhong xue sheng shuo ming wen xuan@f上海教育出版社编
210    @a上海@c上海教育出版社@d1980
215    @a94页@d19cm
606 0  @a说明文@x中学@x选集
606 0  @a教育@x各级
690    @aH194.5@v5
690    @aG633.3@v4
711 02 @a上海教育出版社@9shang hai jiao yu chu ban she@4编
801  0 @aCN@bTSSF@c20150119
905    @aZUCC@dG633.3@eJY65
    
    中学生说明文选/上海教育出版社编.-上海:上海教育出版社,1980
    94页;19cm
    
    
    ISBN :CNY0.21
    
●
相关链接 在E读中查询图书 在五车中查询图书 在当当中查询图书 在豆瓣中查询图书


正题名:中学生说明文选     索取号:G633.3/JY65         预约/预借

序号 登录号 条形码 馆藏地/架位号 状态 备注
1 7847349   278473493   学院路分馆/ [索取号:G633.3/JY65] 在馆    
唐山师范学院图书馆 欢迎您!
大连网信软件有限公司© 版权所有